Statistics for Inter Miami Current Squad

Click here to take the quiz!

General Stats

  • This quiz has been taken 51 times
    (7 since last reset)
  • The average score is 13 of 36

Answer Stats

#PositionNationPlayer Name% Correct
10FWArgentinaLionel Messi
100%
18DFSpainJordi Alba
86%
9FWUruguayLuis Suárez
86%
1GKUnited StatesDrake Callender
57%
16MFFinlandRobert Taylor
57%
5MFSpainSergio Busquets
57%
55MFArgentinaFederico Redondo
43%
8FWEcuadorLeonardo Campaña
43%
32DFUnited StatesNoah Allen
43%
30MFUnited StatesBenjamin Cremaschi
29%
13GKUnited StatesCJ dos Santos
29%
99GKUnited StatesCole Jensen
29%
41MFHondurasDavid Ruiz
29%
20MFParaguayDiego Gómez
29%
11MFArgentinaFacundo Farías
29%
35FWUnited StatesFelipe Valencia
29%
33DFArgentinaFranco Negri
29%
-CoachArgentinaGerardo Martino
29%
17DFUnited StatesIan Fray
29%
62DFDominican RepublicIsrael Boatwright
29%
24DFUnited StatesJulian Gressel
29%
43MFUnited StatesLawson Sunderland
29%
73FWBrazilLeo Afonso
29%
7MFParaguayMatias Rojas
29%
21DFArgentnaNicolás Freire
29%
19FWUnited StatesRobbie Robinson
29%
15DFUnited StatesRyan Sailor
29%
27DFUkraineSerhiy Kryvtsov
29%
49FWHaitiShanyder Borgelin
29%
6DFArgentinaTomás Avilés
29%
42DFItalyYannick Bright
29%
28MFDominican RepublicEdison Azcona
14%
25FWColombiaEmerson Rodríguez
14%
57DFArgentinaMarcelo Welgandt
14%
81MFUnited StatesSantiago Morales
14%
26DFUnited StatesTyler Hall
14%

Score Distribution

Percentile by Number Answered

Percent of People with Each Score

Your Score History

You have not taken this quiz since the last reset